Congreso del Partido Socialista Costarricense: documento sobre coyuntura internacional
Guardado en:
| Institution som forfatter: | |
|---|---|
| Format: | Texto |
| Udgivet: |
San José:
PSC
|
| Tags: |
Tilføj Tag
Ingen Tags, Vær først til at tagge denne postø!
|
MARC
| LEADER | 00000 a a2200000 04500 | ||
|---|---|---|---|
| 001 | 16563 | ||
| 003 | |||
| 040 | |||
| 090 | |a EXTRAVIADO | ||
| 110 | |a Partido Socialista Costarricense | ||
| 245 | |a Congreso del Partido Socialista Costarricense: documento sobre coyuntura internacional | ||
| 260 | |a San José: |b PSC | ||
| 300 | |a 16 p. | ||
| 999 | |c 12827 |d 12827 | ||
